000 00229nam a22000857a 4500
008 161116b xxu||||| |||| 00| 0 eng d
100 _91265
_aParamasivan. J
245 _aAlamelu appetite
260 _aNew delhi
_bNational book trust
_c2006
999 _c3968
_d3968